| 000 | 02419cam a22001934a 4500 | ||
|---|---|---|---|
| 005 | 20250605164122.0 | ||
| 008 | 250528s ||||||||||||||||||||||||d | ||
| 035 | _a18312 | ||
| 040 |
_aGR-AtMCL _bgre _dGR-AtMCL _eAACR2 |
||
| 245 | 1 | _aΕλληνική Οικονομία | |
| 260 |
_bΊδρυμα Ευγενίδου, _c1993 |
||
| 300 | _a176 | ||
| 520 | _aΣκοπός αυτού του βιβλίου είναι η σύντομη παρουσίαση των κυριότερων επιτεύξεων της ελληνικής οικονομίας κατά τη μεταπολεμική περίοδο, καθώς επίσης και των προβλημάτων που αντιμετωπίζει ακόμη και σήμερα και τα οποία παρεμποδίζουν τη περαιτέρω ταχεία ανάπτυξη της. Η Πορεία της Ελληνικής Οικονομίας στη Μεταπολεμική Περίοδο, Εγχώριο Προϊόν και Εισόδημα, Πρωτογενής Παραγωγή, Δευτερογενής Παραγωγή, Η Δαπάνη της Οικονομίας, Το Ανθρώπινο Δυναμικό - Εργατικό Δυναμικό και Απασχόληση και Ανεργία και Μεταναστευση, Τιμές και Μισθοί και Συνδικαλισμός και Διανομή του Εισοδήματος, Περιφερειακές Ανισότητες και το Περιφερειακό Πρόβλημα, Συμμετοχή του Δημόσιου Τομέα στη Διαδικασία Οικονομικής Αναπτύξεως, Έννοια και Σημασία και Μέγεθος του Δημόσιου Τομέα, Η Διαρθρωση των Δημοσίων Δαπανών και Εσόδων, Οι Δημόσιες Επιχειρήσεις και Οργανισμοί, Οι Εξωτερικές Συναλλαγές της Ελλάδας, Εξωτερικό Εμπόριο και Ισοζύγιο Πληρωμών, Το Νέο Διεθνές Πλαίσιο της Ελληνικής Οικονομίας, Η Ευρωπαϊκή Κοινότητα, Η Ελλάδα στην Ευρωπαϊκή Κοινότητα. | ||
| 700 | 1 |
_aΓεωργακοπουλος Θεοδωρος Α _91639 |
|
| 700 | 1 |
_aΛοϊζίδης Ιωάννης _94587 |
|
| 942 | _cBK | ||
| 999 |
_c3675 _d3675 |
||